Corazón: diario de un niño
Guardat en:
| Autor principal: | |
|---|---|
| Format: | Llibre |
| Idioma: | espanyol |
| Publicat: |
Ciudad de México
Origen
1991
|
| Col·lecció: | Colección Juvenil Origen
|
| Matèries: | |
| Etiquetes: |
Afegir etiqueta
Sense etiquetes, Sigues el primer a etiquetar aquest registre!
|
MARC
| LEADER | 00000nam a2200000 a 4500 | ||
|---|---|---|---|
| 001 | UCW7301 | ||
| 003 | CL-VaPUC | ||
| 008 | 921022e19910000MX |||||||||||||||||spa|d | ||
| 082 | 0 | 4 | |a 853 |b DEA |2 21 |
| 100 | 0 | |a De Amicis, Edmundo |e author |9 312454 | |
| 245 | 1 | 0 | |a Corazón: diario de un niño |
| 300 | |a 301 p | ||
| 942 | |c BK | ||
| 945 | |d 19921022 00:00:00 | ||
| 260 | |a Ciudad de México |b Origen |c 1991 | ||
| 650 | 7 | |a CUENTOS ITALIANOS |2 CL-VaPUC |9 310431 | |
| 583 | |a last modification |c 19921022 00:00:00 |k Rodrigo Vera | ||
| 490 | 0 | |a Colección Juvenil Origen | |
| 999 | |c 220104 |d 220102 | ||
| 952 | |0 0 |1 0 |4 0 |6 853_000000000000000_DEA_1991 |7 0 |8 A |9 211895 |a BIBEDU |b BIBEDU |d 2019-11-15 |i 2801272 |l 2 |m 2 |o 853 DEA 1991 |p 2801272 |r 2024-10-07 |s 2024-10-07 |w 2019-11-15 |y BK |k EDU | ||